| 000 | 00510nam a22001577a 4500 | ||
|---|---|---|---|
| 999 |
_c534668 _d534668 |
||
| 020 | _qHard Cover. | ||
| 082 | _a624.1 | ||
| 100 | _aMalik, Bilal | ||
| 245 |
_aFactors Affecting Labor Productivity / _cBilal Malik, |
||
| 260 |
_aIslamabad : _bNIT - NUST, _c2016. |
||
| 300 |
_axii, 118 p. ill .: _c30cm. |
||
| 942 |
_2ddc _cTHE |
||
| 650 |
_aConstruction Engineering and Mangment - MS Thesis. _928968 |
||
| 700 |
_aDr. Muhammd Jamaluddin Tahaheem. _928969 |
||